Beitrag zur Kenntniss der Labradorporphyre der Vogesen (Record no. 161131)

MARC details
000 -LEADER
campo de control de longitud fija 00950nam a22001935i 4500
001 - NÚMERO DE CONTROL
campo de control 161131
003 - IDENTIFICADOR DE NÚMERO DE CONTROL
campo de control ES-MaACL
005 - FECHA Y HORA DE LA ÚLTIMA TRANSACCIÓN
campo de control 20250815110841.0
008 - DATOS DE LONGITUD FIJA--INFORMACIÓN GENERAL
campo de control de longitud fija 041019s1887 fr a |||| | ger d
040 ## - FUENTE DE CATALOGACIÓN
Centro catalogador/agencia de origen CAM
Lengua de catalogación spa
Centro/agencia transcriptor CAM
100 1# - ENTRADA PRINCIPAL--NOMBRE DE PERSONA
Nombre de persona Osann, Alfred.
9 (RLIN) 130726
245 10 - MENCIÓN DEL TÍTULO
Título Beitrag zur Kenntniss der Labradorporphyre der Vogesen
Resto del título : Habilitationsschrift zur Erlangung der Venia Docenti der Hohen Philosophischen Facultät der Universität Heidelberg /
Mención de responsabilidad, etc. vorgelegt von A. Osann.
260 ## - PUBLICACIÓN, DISTRIBUCIÓN, ETC.
Lugar de publicación, distribución, etc. Strassburg :
Nombre del editor, distribuidor, etc. Buchdruckerei von R. Schultz & cie,
Fecha de publicación, distribución, etc. 1887.
300 ## - DESCRIPCIÓN FÍSICA
Extensión 45 p., [1] h. de lám. ;
Dimensiones 28 cm.
500 ## - NOTA GENERAL
Nota general Separatabdruck aus den Abhandlungen zur geologischen Specialkarte von Els.-Lothr. Band III. Heft II.
650 #7 - PUNTO DE ACCESO ADICIONAL DE MATERIA--TÉRMINO DE MATERIA
Término de materia o nombre geográfico como elemento de entrada Geología
Fuente del encabezamiento o término embne
9 (RLIN) 13086
852 ## - LOCALIZACIÓN
Ubicación ES-MaACL
Número de control de estantería T-898-F-9
Nota libre -- Enc. hol. conservando la cub. original
-- -- Legado de Federico de Botella y de Hornos
-- -- Enc. en un vol. facticio
Holdings
Estatus retirado Estado de pérdida Estado de daño No para préstamo Colección Biblioteca de origen Biblioteca actual Ubicación en estantería Fecha de adquisición Fuente de adquisición Total de préstamos Signatura topográfica completa Código de barras Visto por última vez Precio de reemplazo Tipo de ítem Koha
        Colección de folletos Biblioteca del Ateneo de Madrid Biblioteca del Ateneo de Madrid Depósito folletos 17/01/2008     T-898-F-9 1168770 23/02/2023 23/02/2023 Folleto